Educación a los hijos de los pobres. Un movimiento mundial paradógico.

Gardado en:
Detalles Bibliográficos
Autor Principal: Reimers, Fernando (autor)
Formato: Libro
Idioma:Lingua castelá
Temas:
Acceso en liña:Ver documento en línea
Etiquetas: Engadir etiqueta
Sen Etiquetas, Sexa o primeiro en etiquetar este rexistro!

MARC

LEADER 00000nam^a2200000^u^4500
001 000533961
005 20260413000000.0
008 160122s10001000^^^^cr^^r^^^^^000^0^spa^d
009 20260413195119.618
022 |a 01851284 
035 |a FCE 000078209 
037 |a Acervo ITESO - Biblioteca 
041 |a spa 
095 |a RLEE  |b 2015-4-13 
100 |a Reimers, Fernando  |e (autor) 
245 1 0 |a Educación a los hijos de los pobres. Un movimiento mundial paradógico. 
264 |a México :  |b Centro de Estudios Educativos,  |c 2015. 
336 |a texto  |b txt  |2 rdacontenido 
337 |a sin mediación  |b n  |2 rdamedio 
338 |a volumen  |b nc  |2 rdasoporte 
649 |a XX 
650 |a Pobreza 
650 |a Desigualdad educativa 
650 |a Pobreza educativa 
650 |a Pobreza en la planeación educativa 
650 |a Politicas educativas 
650 |a Relevancia educativa 
740 |g Vol. 45, no.4, 2015, pp. 13-40  |t Revista Latinoamericana de Estudios Educativos. Para la Agenda Educativa, 
856 4 0 |u https://www.cee.edu.mx/rlee/revista/r2011_2020/r_texto/t_2015_4_02.pdf  |y Ver documento en línea 
910 |a Fondo Centro de Estudios Educativos 
920 |a Impresos - Libros 
930 |a Fondos Especiales 
905 |a 133 
902 |a https://opac.biblio.iteso.mx/vufind/Record/000533961